00319nam a2200097Ia 4500008004100000245007500041245002200116260000900138650002600147856004800173171211s9999 xx 000 0 und d 4aThe Practice and Procedure of the Inter-American Court of Human Rights cJo M. Pasqualucci c2003 xFamily and Friendship uhttp://down.ebook777.com/065/052153335X.pdf